Өңнүктерниң ыры (Запись № 13673734)

Подробности
000 -МАРКЕР
контрольное поле 02802nam0a2200409 4500
001 - ИДЕНТИФИКАТОР ЗАПИСИ
контрольное поле RU\NLR\BIBL_A\022553191
005 - ИДЕНТИФИКАТОР ВЕРСИИ
контрольное поле 20250809114037.0
010 ## - МЕЖДУНАРОДНЫЙ СТАНДАРТНЫЙ НОМЕР КНИГИ (ISBN)
Номер (ISBN) 978-5-7655-0966-1
Тираж 1000
021 ## - НОМЕР ГОСУДАРСТВЕННОЙ РЕГИСТРАЦИИ
Код страны Российская Федерация
Номер КН-П-25-017028
Номер Листа государственной регистраци КН-П-25-1725
035 ## - ДРУГИЕ СИСТЕМНЫЕ НОМЕРА
Идентификатор записи (NLR Aleph) 022553191
100 ## - ДАННЫЕ ОБЩЕЙ ОБРАБОТКИ
Данные общей обработки 20250529d2024 u y0rusy50 ca
101 0# - ЯЗЫК РЕСУРСА
Язык текста, звукозаписи и т.д. русский
-- тувинский
102 ## - СТРАНА ПУБЛИКАЦИИ ИЛИ ПРОИЗВОДСТВА
Страна публикации Российская Федерация
105 ## - ПОЛЕ КОДИРОВАННЫХ ДАННЫХ: ТЕКСТОВЫЕ МАТЕРИАЛЫ, МОНОГРАФИЧЕСКИЕ
Кодированные данные о монографическом текстовом документе ao z 000gy
181 #0 - ПОЛЕ КОДИРОВАННЫХ ДАННЫХ: ВИД СОДЕРЖАНИЯ
Код вида содержания (ISBD) i
Код характеристики содержания (ISBD) axxe
182 #0 - ПОЛЕ КОДИРОВАННЫХ ДАННЫХ: ТИП СРЕДСТВА
Код типа средства (ISBD) n - непосредственное
200 1# - ЗАГЛАВИЕ И СВЕДЕНИЯ ОБ ОТВЕТСТВЕННОСТИ
Основное заглавие Өңнүктерниң ыры
Параллельное заглавие Песни друзей
Сведения, относящиеся к заглавию очулдурган шүлүктер
-- переводы стихов из мировой поэзии
Первые сведения об ответственности Сайлыкмаа Комбу
Язык параллельного заглавия тувинский
Сведения, относящиеся к заглавию на русском и тувинском языках
203 ## - ВИД СОДЕРЖАНИЯ И ТИП СРЕДСТВА
Вид содержания Текст
Дополнительные сведения об издании визуальный
Тип средства непосредственный
210 ## - ПУБЛИКАЦИЯ, РАСПРОСТРАНЕНИЕ И ДР.
Место издания, распространения и т.д. Кызыл
Имя издателя, распространителя и т. д. Союз писателей Тувы
-- Тувинское книжное изд-во им. Ю. Ш. Кюнзегеша
Дата издания, распространения и т.д. 2024
215 ## - ФИЗИЧЕСКАЯ ХАРАКТЕРИСТИКА
Специфическое обозначение материала и объем 1215 с.
Другие сведения о физической характеристике ил.
Размеры 21
300 ## - ОБЩИЕ ПРИМЕЧАНИЯ
Текст примечания На обороте тит. с. авт.: Сайлыкмаа Комбу, поэт, переводчик, канд. филол. наук
300 ## - ОБЩИЕ ПРИМЕЧАНИЯ
Текст примечания Текст парал.: рус., тувин.
327 1# - ПРИМЕЧАНИЯ О СОДЕРЖАНИИ
Текст примечания Кн. содерж. переводы авт.: Михаил Лермонтов, Федор Тютчев, Николай Некрасов, Каролина Павлова, Евдокия Ростопчина, Зинаида Гиппиус, Софья Парнок, Наталья Крандиевская-Толстая, Анна Ахматова, Мирра Лохвицкая [и др.]
330 ## - РЕЗЮМЕ ИЛИ РЕФЕРАТ
Текст примечания Книга "Өңнүктерниң ыры" (Песня друзей) - плод многолетней творческой работы тувинского поэта, литературного переводчика, кандидата филологических наук, члена Союза писателей России Сайлыкмаа Комбу. Издание включает художественные переводы мировой поэзии на тувинский язык и будет полезно школьникам, студентам, педагогам, всем, интересующимся русской, национальной, мировой поэзией.
510 1# - ПАРАЛЛЕЛЬНОЕ ЗАГЛАВИЕ
Параллельное заглавие Өңнүктерниң ыры
Язык заглавия тувинский
686 1# - ИНДЕКСЫ ДРУГИХ КЛАССИФИКАЦИЙ
Индекс Ш5(0)-65я43
686 1# - ИНДЕКСЫ ДРУГИХ КЛАССИФИКАЦИЙ
Индекс Ш5(2=Ту)64-657
686 2# - ИНДЕКСЫ ДРУГИХ КЛАССИФИКАЦИЙ
Индекс Ш5(2=Р)-7тув.
700 #1 - ИМЯ ЛИЦА - ПЕРВИЧНАЯ ОТВЕТСТВЕННОСТЬ
Начальный элемент ввода Комбу
Часть имени, кроме начального элемента ввода С. С.
Даты 1960-
Расширение инициалов личного имени Сайлыкмаа Салчаковна
Идентификатор авторитетной/нормативной записи RU\NLR\AUTH\770292766
Код отношения Автор
852 ## - МЕСТОНАХОЖДЕНИЕ И ШИФР ХРАНЕНИЯ
Идентификатор организации NLR
Наименование фонда или коллекции (Sub-Location Identifier) ОНЛ
Шифр хранения (Call Number) Тув./3-1187
942 ## - ДОПОЛНИТЕЛЬНЫЕ ЭЛЕМЕНТЫ ЗАПИСИ (АБИС)
Тип экземпляра АБИС Книга
980 ## - КОЛЛЕКЦИЯ
Название коллекции Национальная библиография

Нет доступных экземпляров.